[Event "Montendre Rapid op"]
[Site "Montendre"]
[Date "2023.02.19"]
[Round "2"]
[White "Maze, Sebastien"]
[Black "Rodriguez, Augustin"]
[Result "1-0"]
[WhiteElo "2538"]
[BlackElo "1996"]
[PlyCount "67"]
[EventDate "2023.02.19"]
[EventType "swiss (rapid)"]
[EventRounds "9"]
[EventCountry "FRA"]
[SourceTitle "CBM 212 Extra"]
[Source "ChessBase"]
[SourceDate "2023.03.31"]
[SourceVersion "1"]
[SourceVersionDate "2023.03.31"]
[SourceQuality "1"]

1. e4 c5 2. Nf3 e6 3. c4 Nc6 4. Nc3 d6 5. d4 cxd4 6. Nxd4 Nf6 7. Be3 Be7 8. Be2 a6 9. 0-0 0-0 10. f4 Bd7 11. Rc1 Rc8 12. Bf3 Qc7 13. b3 Qb8 14. Qd2 Rfd8 15. Qf2 Nxd4 16. Bxd4 b5 17. cxb5 axb5 18. e5 Ne8 19. Ba7 Qc7 20. Bb6 Qb8 21. Bxd8 Bxd8 22. Kh1 Bb6 23. Qe2 dxe5 24. fxe5 Bd4 25. Ne4 Bxe5 26. Rxc8 Qxc8 27. Rd1 Nf6 28. Qd3 Nd5 29. Ng5 h6 30. Bxd5 hxg5 31. Bf3 Be8 32. Qd8 Qc7 33. Qxe8+ Kh7 34. Qd7 1-0

[Event "FRA-ch U12"]
[Site "Agen"]
[Date "2022.04.20"]
[Round "5"]
[White "Laignel, Quentin"]
[Black "Rodriguez, Augustin"]
[Result "1-0"]
[WhiteElo "1682"]
[BlackElo "1809"]
[PlyCount "153"]
[EventDate "2022.04.16"]
[EventType "swiss"]
[EventRounds "9"]
[EventCountry "FRA"]
[SourceTitle "EXT 2023"]
[Source "ChessBase"]
[SourceDate "2022.10.05"]
[SourceVersion "1"]
[SourceVersionDate "2022.10.05"]
[SourceQuality "1"]

1. d4 Nf6 2. Nf3 e6 3. Bf4 d5 4. e3 c5 5. c3 Nc6 6. Nbd2 Nh5 7. Bg5 f6 8. Bh4 g6 9. Be2 Ng7 10. Nb3 cxd4 11. exd4 Be7 12. Bg3 Bd7 13. 0-0 Nh5 14. Re1 Nxg3 15. hxg3 0-0 16. Bf1 Qe8 17. Nc1 Qf7 18. Nd3 Rfe8 19. Qb3 b6 20. Rad1 Rad8 21. a3 Na5 22. Qa2 Bf8 23. Nb4 Ba4 24. Rd2 Bb3 25. Qb1 Nc4 26. Rde2 Nd6 27. Nd3 Re7 28. g4 Rde8 29. g5 fxg5 30. Nxg5 Qf6 31. Nf3 Nf7 32. Nde5 Bg7 33. Nxf7 Qxf7 34. Ne5 Bxe5 35. Rxe5 Rf8 36. f3 Ba4 37. Qc1 Bd7 38. Qe3 Rfe8 39. f4 Qf6 40. g3 Kg7 41. Bg2 Bc6 42. Bh3 Bd7 43. b3 b5 44. Bf1 Bc6 45. c4 bxc4 46. bxc4 dxc4 47. Bxc4 Kf7 48. Rf1 Kg7 49. Re1 Kf7 50. Re2 Bb7 51. Qf2 h5 52. f5 Kg7 53. Bxe6 gxf5 54. Rxf5 Qg6 55. Ree5 Rxe6 56. Rg5 Rxe5 57. Rxg6+ Kxg6 58. dxe5 Rxe5 59. Qxa7 Bd5 60. Qd4 Rf5 61. a4 Bc6 62. Qd6+ Rf6 63. Qd3+ Kg5 64. Qc4 Bf3 65. a5 Kh6 66. a6 Kg7 67. a7 Rf8 68. Kh2 Ba8 69. Qc5 Re8 70. Qg5+ Kf8 71. Qxh5 Rd8 72. Qh6+ Kf7 73. Qf4+ Kg6 74. g4 Re8 75. g5 Rh8+ 76. Kg3 Rg8 77. Qf6+ 1-0

[Event "Tetraktys Concept Mgmt"]
[Site "Europe Echecs INT"]
[Date "2021.06.06"]
[Round "10"]
[White "Rodriguez, Augustin"]
[Black "Dubois, Martine"]
[Result "0-1"]
[WhiteElo "1263"]
[BlackElo "1780"]
[PlyCount "100"]
[EventDate "2021.06.06"]
[EventType "swiss (blitz)"]
[EventRounds "11"]
[EventCountry "FRA"]
[SourceTitle "CBM 202 Extra"]
[Source "ChessBase"]
[SourceDate "2021.07.31"]
[SourceVersion "1"]
[SourceVersionDate "2021.07.31"]
[SourceQuality "1"]

1. e4 e5 2. Nf3 d5 3. exd5 e4 4. Nd4 Qxd5 5. Nb3 Nf6 6. Nc3 Qe5 7. Be2 Bd6 8. d4 exd3 9. Qxd3 0-0 10. Qe3 Re8 11. Qxe5 Bxe5 12. Be3 Nc6 13. 0-0 Bxc3 14. bxc3 Ne5 15. Rad1 b6 16. Rfe1 Bb7 17. Bd4 c5 18. Bb5 cxd4 19. Bxe8 Rxe8 20. cxd4 Ned7 21. Rxe8+ Nxe8 22. Re1 Kf8 23. f3 f5 24. Kf2 Nef6 25. c4 Ba6 26. Nd2 Ne8 27. a4 Nd6 28. Rc1 Nb8 29. c5 Nc8 30. Ke3 Ne7 31. Kf4 g6 32. Ke5 Nbc6+ 33. Kd6 Nxd4 34. cxb6 axb6 35. Kc7 Nd5+ 36. Kd6 Bb7 37. Nc4 f4 38. Rd1 Nf5+ 39. Ke5 Nde3 40. Nxe3 fxe3 41. Kf4 Ba6 42. g4 e2 43. Re1 Nd4 44. Ke3 Nc2+ 45. Kd2 Nxe1 46. Kxe1 Ke7 47. f4 Ke6 48. h4 h5 49. gxh5 gxh5 50. Kf2 Kf5 0-1